Nuevas técnicas de gestión : dirección innovadora: visión, gestión estratégica, intuición, creatividad, nuevos valores corporativos- /

Guardado en:
Autor Principal: Phillips, Nicola.
Autor Corporativo: Financial Times Limited.
Formato: Libro
Idioma:Spanish
English
Publicado: Barcelona : Ediciones Folio, 1995.
Series:Biblioteca de empresa ; 4.
Materias:
Etiquetas: Agregar Etiqueta
Sin Etiquetas, Sea el primero en etiquetar este registro!
LEADER 01123nam a22003135a 4500
001 EAD.ead000581
008 951009s1995####sp#######/####000#0#spa##
005 20101115142857.0
245 1 0 |a Nuevas técnicas de gestión :  |b dirección innovadora: visión, gestión estratégica, intuición, creatividad, nuevos valores corporativos- /  |c Nicola Phillips. 
260 |a Barcelona :  |b Ediciones Folio,  |c 1995. 
300 |a 212 p. ;  |c 24 cm. 
490 1 |a Biblioteca de empresa ;  |v 4 
500 |a Traducción de: Innovative management. 
500 |a Incluye índice. 
500 |a "Financial Times"--Tapa. 
020 |a 8475836577 (obra completa) 
020 |a 8475836097 (volumen 4) 
100 1 0 |a Phillips, Nicola. 
710 2 |a Financial Times Limited. 
830 0 |a Biblioteca de empresa ;  |v 4. 
080 |a 658.81  |2 21 
082 0 4 |a 658.4063  |2 21 
650 0 7 |a Innovaciones.  |2 unbist 
650 0 7 |a Campo organizacional.  |2 unbist 
650 0 7 |a Estrategia empresarial.  |2 unbist 
019 |a B 27095-1995 
040 |a M-BN  |b spa  |c M-BN 
041 1 |a spa  |h eng 
859 |a AR-BaBDC  |b BIB. ADMINISTRACION - Libros  |h 658.4063  |i P545  |p b04881